Invasión de tierras indígenas
Bewaard in:
| Formaat: | Texto |
|---|---|
| Onderwerpen: | |
| Tags: |
Voeg label toe
Geen labels, Wees de eerste die dit record labelt!
|
MARC
| LEADER | 00000 a a2200000 04500 | ||
|---|---|---|---|
| 001 | 155 | ||
| 003 | |||
| 040 | |||
| 245 | |a Invasión de tierras indígenas | ||
| 650 | |a MIGRACION | ||
| 650 | |a CONFLICTOS | ||
| 650 | |a PETROLEO | ||
| 650 | |a ECONOMIA | ||
| 773 | |g volumen 16; páginas 11-12 | ||
| 999 | |c 28141 |d 28141 | ||
| 773 | 0 | |0 42310 |9 3155 |a Centro de Estudios Pastoral y Asistencia Migratoria (CEPAM) |d s.l.: CEPAM |o 00207 |t Acontecer Migratorio / |w (cru CIDCACS/IIS)153 | |
